| 000 | 00763cam a22002533a 4500 | ||
|---|---|---|---|
| 001 | 13812 | ||
| 003 | PGUSA | ||
| 005 | 20140828083309.0 | ||
| 008 | 041020s2004||||xxu|||||s|||||000 1 eng d | ||
| 040 |
_aPGUSA _beng |
||
| 042 | _adc | ||
| 050 | 4 | _aPS | |
| 100 | 1 |
_aJohnston, Mary, _d1870-1936 |
|
| 245 | 1 | 0 |
_aSir Mortimer : _bA Novel _h[electronic resource] / _cMary Johnston |
| 260 |
_bProject Gutenberg, _c2004 |
||
| 506 | _aPublic domain in the USA. | ||
| 516 | _aElectronic text | ||
| 653 | _aGreat Britain -- History -- Elizabeth, 1558-1603 -- Fiction | ||
| 653 | _aHistorical fiction | ||
| 700 | 1 |
_aYohn, F. C. _q(Frederick Coffay), _d1875-1933 |
|
| 830 | 0 |
_aProject Gutenberg _v13812 |
|
| 856 | 4 | 0 | _uhttp://www.gutenberg.org/ebooks/13812 |
| 942 | _cEB | ||
| 999 |
_c243067 _d243067 |
||